000 04364nam a22005177a 4500
005 20120503124122.0
010 _aENG-105195 B-492537-557
020 _a9781259000904
_c350.00
020 _a1259000907
_c350.00
035 _aEN-88728 B-492537-557
037 _bDBAD/PUB
037 _bUBH/Ven
082 _a912
100 _aHusain, Majid
_955283
245 _aUnderstanding geographical map entires :
_cby Majid Husain
_bfor Civil Services examinations /
250 _a3rd ed
260 _aNew Delhi
_bTata McGraw Hill Education
_c2012
270 _a7, West Patel Nagar
_bNew Delhi
_e110008
300 _aVarious pagings :
_c24cm(pbk)
_bmaps
490 _aTata McGraw-Hill's winning edge series
_91235
500 _aIncludes bibliographical references
942 _2ddc
_cEN
_mHUS
_h912
999 _c66069
_d66069